000
00286nam a2200109Ia 4500
008
180205s9999 xx 000 0 und d
100
_a
Santamaria, Josefina O.
245
_a
Life career planning work book /
250
_a
3rd ed
260
_a
Makati City
_c
2000
300
_a
ii, 200 pages
999
_c
354737
_d
354737